000 00444nam a2200157Ia 4500
003 OSt
005 20230526145229.0
008 211028s2009 xx 000 0 und d
040 _cAIMIT LIBRARY
041 _aeng
100 _aSalih, C V; Varkey, Shine P.
_g71820
_99084
110 _aShine P Varkey
_99085
245 _aFinding the effective inhibitor for the Acetylcholine Esterase Enzyme.
260 _aMangalore
_c2009
942 _2ddc
_cPRO
999 _c220205
_d220205